<?xml version="1.0" encoding="UTF-8"?><?xml-stylesheet type="text/xsl" href="static/style.xsl"?><OAI-PMH xmlns="http://www.openarchives.org/OAI/2.0/" xmlns:xsi="http://www.w3.org/2001/XMLSchema-instance" xsi:schemaLocation="http://www.openarchives.org/OAI/2.0/ http://www.openarchives.org/OAI/2.0/OAI-PMH.xsd"><responseDate>2026-04-17T11:26:08Z</responseDate><request verb="GetRecord" identifier="oai:www.recercat.cat:10230/43807" metadataPrefix="marc">https://recercat.cat/oai/request</request><GetRecord><record><header><identifier>oai:recercat.cat:10230/43807</identifier><datestamp>2025-12-25T19:59:43Z</datestamp><setSpec>com_2072_6</setSpec><setSpec>col_2072_452954</setSpec></header><metadata><record xmlns="http://www.loc.gov/MARC21/slim" xmlns:dcterms="http://purl.org/dc/terms/" xmlns:xsi="http://www.w3.org/2001/XMLSchema-instance" xmlns:doc="http://www.lyncode.com/xoai" xsi:schemaLocation="http://www.loc.gov/MARC21/slim http://www.loc.gov/standards/marcxml/schema/MARC21slim.xsd">
   <leader>00925njm 22002777a 4500</leader>
   <datafield ind2=" " ind1=" " tag="042">
      <subfield code="a">dc</subfield>
   </datafield>
   <datafield ind2=" " ind1=" " tag="720">
      <subfield code="a">González Miguel, Lucía</subfield>
      <subfield code="e">author</subfield>
   </datafield>
   <datafield ind2=" " ind1=" " tag="260">
      <subfield code="c">2020-03-05T08:54:55Z</subfield>
   </datafield>
   <datafield ind2=" " ind1=" " tag="260">
      <subfield code="c">2020-03-05T08:54:55Z</subfield>
   </datafield>
   <datafield ind2=" " ind1=" " tag="260">
      <subfield code="c">2019</subfield>
   </datafield>
   <datafield ind2=" " ind1=" " tag="520">
      <subfield code="a">Treball d&amp;apos;investigació/Fi de màster. Tutor: Dr. José Francisco Ruiz Casanova</subfield>
   </datafield>
   <datafield ind2=" " ind1=" " tag="520">
      <subfield code="a">El género del cuento siempre ha estado presente en la sociedad, viajando entre culturas e idiomas, dejando tras de sí una serie de enseñanzas. Con el tiempo, este tipo de literatura ha sufrido una evolución de manera paulatina de acuerdo a los diversos momentos históricos. Como consecuencia, encontramos que La Cenicienta, un cuento tradicionalmente folclórico, cuenta con muchas y variadas versiones con objetivos, enseñanzas y valores igualmente diferentes. Roald Dahl elaboró su propia versión y empapó en ella su característico sentido del humor, tan cercano al niño. Fue, desde luego, una versión innovadora no solo por el formato, sino también por el mensaje. Tan solo dos años después, Miguel Azaola tradujo el texto al castellano. En su traducción reflejó la intención del autor original de manera verdaderamente acertada, lo que sin duda tuvo que suponer un reto. No obstante, desde Azaola ningún otro traductor ha elaborado una revisión o traducción del texto.</subfield>
   </datafield>
   <datafield ind2=" " ind1=" " tag="520">
      <subfield code="a">The genre of short stories has always been present in society, traveling between cultures and languages. Throughout time, this type of literature has evolved gradually in accordance with diverse historical moments. As a result, we find that Cinderella, a traditional folktale, has been adapted to numerous different versions, each with their own distinct objectives, lessons, and values. Roald Dahl created his own version and soaked it with his characteristic childlike sense of humour. It was, of course, an innovative version not only because of its format, but also because of its message. Only two years later, Miguel Azaola translated the text into Spanish. In his translation he reflected the intention of the original author in a truly accurate manner, which undoubtedly had to be a great challenge. However, since Azaola, no other translator has produced a revision or a translation of this text.</subfield>
   </datafield>
   <datafield tag="653" ind2=" " ind1=" ">
      <subfield code="a">Literatura infantil</subfield>
   </datafield>
   <datafield tag="653" ind2=" " ind1=" ">
      <subfield code="a">Cuento</subfield>
   </datafield>
   <datafield tag="653" ind2=" " ind1=" ">
      <subfield code="a">Roald Dahl</subfield>
   </datafield>
   <datafield tag="653" ind2=" " ind1=" ">
      <subfield code="a">Miguel Azaola</subfield>
   </datafield>
   <datafield tag="653" ind2=" " ind1=" ">
      <subfield code="a">Revoting Rhymes</subfield>
   </datafield>
   <datafield tag="653" ind2=" " ind1=" ">
      <subfield code="a">Cinderella</subfield>
   </datafield>
   <datafield tag="653" ind2=" " ind1=" ">
      <subfield code="a">Traducción</subfield>
   </datafield>
   <datafield tag="653" ind2=" " ind1=" ">
      <subfield code="a">Children’s literature</subfield>
   </datafield>
   <datafield tag="653" ind2=" " ind1=" ">
      <subfield code="a">Story</subfield>
   </datafield>
   <datafield tag="653" ind2=" " ind1=" ">
      <subfield code="a">Translation</subfield>
   </datafield>
   <datafield ind2="0" ind1="0" tag="245">
      <subfield code="a">Revolting Rhymes: análisis y propuesta de traducción de Cinderella, de Roald Dahl</subfield>
   </datafield>
</record></metadata></record></GetRecord></OAI-PMH>